000
00212 a2200097 4500
001
46002
100
_a
Evans G
245
_a
Action in cricket
260
_a
London
_b
Hodder & Stoughton
_c
090
_c
29126
_d
29126
942
_a
NUST-CAE
_c
M
_c
21254
999
_c
281075
_d
281075